01172nam a2200193Ia 4500001001000000003001000010008004100020040002500061041001300086100002400099245004900123250001100172260009200183300001200275500026800287501011400555520026800669650004100937L149-1054IT-CnALBA170116s9999||||xx |||||||||||||| ||und|| aIT-CnALBAcIT-CnALBA aITALIANO aVANNI ROVIGHI SOFIA 0aELEMENTI DI FILOSOFIA. LA NATURA DELL'UOMO.  a2a ed. a BRESCIAbLA SCUOLA, SOCIETÀ EDITRICE c1963 [1° Ed.:1963 - Ed.Ling.Originale: 1963] a278 p.  aFILOSOFIA DELLA NATURA. PSICOLOGIA ETICA. QUANTITA' MOTO TEMPO QUALITÀ. COSTITUZIONE DEI CORPI. VITA ORIGINE PROPAGAZIONE. CONOSCENZA SENSO INTELLETTO. FACOLTÀ CONOSCITIVE. VOLONTÀ LIBERTÀ. UOMO ETICA. FONDAMENTI DELL'ETICA. CONOSCENZA DELLA LEGGE MORALE. aSocietà San Paolo EM - Piazza San Paolo, 14 - 12051 ALBA (CN) (non commercial uses only) ® Copyright 2017 aFILOSOFIA DELLA NATURA. PSICOLOGIA ETICA. QUANTITA' MOTO TEMPO QUALITÀ. COSTITUZIONE DEI CORPI. VITA ORIGINE PROPAGAZIONE. CONOSCENZA SENSO INTELLETTO. FACOLTÀ CONOSCITIVE. VOLONTÀ LIBERTÀ. UOMO ETICA. FONDAMENTI DELL'ETICA. CONOSCENZA DELLA LEGGE MORALE. aALTRI SISTEMI E DOTTRINE FILOSOFICHE